000 00745cam a2200217 a 4500
001 000000980
005 20200929145446.0
008 750904s1953 sp ac 000 0 spa
040 _aDO-SdBNP
_bspa
_cBNPHU
082 _a929
_bD143s, 1953
100 1 _aDalí, Ana María.
_b1908-[2009]
_93434
245 1 0 _aSalvador Dalí visto por su hermana. /
_cTraducción de María Luz Morales.
250 _a2a ed.
260 _aBarcelona :
_bJuventud,
_c1953.
300 _a146 p. :
_bil. ;
_c23 cm.
490 1 _aGrandes biografías
490 1 _aProvenza
_vno. 101
600 1 4 _aDALÍ, SALVADOR,
_d1904-1989.
_93435
600 1 4 _aDALÍ, ANA MARÍA,
_d1908-[2009]
_xCRÍTICA E INTERPRETACIÓN
_93436
830 0 _aGrandes biografías,
_pProvenza;
_vno. 101
_93437
999 _c966
_d966